Consumer law in Nutshel

محفوظ في:
التفاصيل البيبلوغرافية
المؤلف الرئيسي: Silberstein,Sandra
التنسيق: كتاب
منشور في: London : Sweet and Maxwell. ; c 2007.
الموضوعات:
الوسوم: إضافة وسم
لا توجد وسوم, كن أول من يضع وسما على هذه التسجيلة!

MARC

LEADER 00000nam a2200000 4500
005 20251006102958.0
020 |a 9780421958906  |c TZS 23,00 /= 
040 |a MCCL  |b eng.  |e AACR 2nd rev.ed. 
082 |a 343.071 SIL 
100 |a Silberstein,Sandra 
245 |a Consumer law in Nutshel  |c / Sandra, Silberstein 
260 |a London :  |b Sweet and Maxwell. ;  |c c 2007. 
300 |a 143. :  |c 21 cm. 
504 |a Inglude subject index. 
546 |a eng. 
650 |a Consumer transactions 
650 |a Consumer credit 
650 |a Remedies 
700 |a Silberstein,Sandra 
942 |c BK 
999 |c 12019  |d 12019